|
|
|
|
| LEADER |
01657nam a2200325 a 4500 |
| 001 |
mzk03001028683 |
| 003 |
CZ BrMZK |
| 005 |
20080229095718.0 |
| 007 |
ta |
| 008 |
050929s1725 au fr|||||00| ||gerod |
| 040 |
|
|
|a BOA001
|b cze
|
| 072 |
|
7 |
|a 094
|x Staré tisky
|2 Konspekt
|9 12
|
| 080 |
|
|
|a (0.068)094
|2 MRF
|
| 100 |
1 |
|
|a Fritz, Gregor,
|d činný 1700-1730
|7 xx0091337
|4 aut
|
| 245 |
1 |
0 |
|a Vor Zeiten und jetzunder :
|b Oder vormahlen verfinsterte anjetzo aber Durchleuchtige Mähren in Kurtzer Lod-rede fürgestellet: Als eine Hochlöbl. Lands- Genossenschafft auß Mähren das jährlich´gewöhnliche Freud- und Danck-Fest ihrer zweyten grossen Aposteln und Lehrern Cyrilli und Methudii, In der Kays. Hof-Pfarr-Kirchen zu S. Michaël in Wienn den 11. MArtii, als am Sonntag Laetare, Im Jahr 1725. mit eyfriger Andachts-Bezeugung hochfeyerlich begiegen /
|c Abgeredet und auf Verlagen in Druck gegeben Von R.P. Gregorio Fritz, der Versammlung des Oratorij S. Philippi Nerij in Wienn zur heiligsten Dreyfaltigkeit Priestern und Predigern
|
| 260 |
|
|
|a Wien :
|b gerduck bey Johann Baptist Schilgen, Universit. Buchdrucker,
|c [1725]
|
| 300 |
|
|
|a A-B4 C1 [=9] listů ;
|c 4°
|
| 500 |
|
|
|a Výzdoba: Vlysy
|
| 501 |
|
|
|a Přívazek 5 k: Scriptvm pvblice ...
|
| 561 |
|
|
|a Provenience: C.N. 54
|
| 655 |
|
7 |
|a staré tisky
|7 fd422076
|2 czenas
|
| 903 |
|
|
|a RP
|
| 910 |
|
|
|a BOA001
|b ST2-0007.571,přív.5
|
| 978 |
|
|
|b Schilgen, Johannes Baptist
|a Wien
|c 1725
|
| 984 |
|
|
|a Vídeň
|b Rakousko
|
| 985 |
|
|
|a 1701-1750
|
| 990 |
|
|
|a BK
|
| 993 |
|
|
|a Y
|
| 991 |
|
|
|k mzk
|
| 994 |
|
|
|a UP
|l MZK03
|b 001028665
|m přívazek 5
|n záznam 1. díla (pro objednání pokračujte kliknutím)
|